000 00494nam a2200181Ia 4500
001 18488
005 20260306171634.0
008 260306s9999||||xx |||||||||||||| ||und||
041 _aESP
082 _a658.406
_bH14
100 _aHaeckel, Stephan H.
_eAUT
245 0 _aLa empresa adaptable:
_ben la era de información, asimilar los cambios no es todo, es lo único
260 _c2000
300 _a304 páginas :
_c23 cm.
650 _aGEN
654 _aCAN
942 _cLIB
_dJUS
_fJUS
_2ddc
_n
999 _c18488
_d18488